[Event "Konik Morski Rewala OPEN B"]
[Site "Rewal"]
[Date "2007.08.26"]
[Round "4.12"]
[White "Siedlinski, Piotr"]
[Black "Szarwacki, Dominik"]
[Result "1/2-1/2"]
[WhiteElo "1838"]
[BlackElo "1928"]
[PlyCount "57"]
[EventDate "2007.??.??"]

1. e4 c5 2. Nc3 d6 3. d3 Nc6 4. g3 g6 5. Bg2 Bg7 6. Be3 Rb8 7. Nge2 Nd4 8. O-O
e5 9. Nd5 Bg4 10. f3 Be6 11. c3 Bxd5 12. exd5 Nf5 13. Bd2 Qd7 14. f4 Nf6 15.
Qb3 Ng4 16. Bh3 h5 17. Rae1 b5 18. fxe5 dxe5 19. d4 cxd4 20. Nxd4 Ne7 21. Nc6
Nxc6 22. dxc6 Qc7 23. Bg5 O-O 24. Bxg4 hxg4 25. Qd5 Rb6 26. Bf6 Rxc6 27. Bxg7
Qb6+ 28. Kg2 Rc5 29. Qd7 1/2-1/2

[Event "Konik Morski Rewala OPEN B"]
[Site "Rewal"]
[Date "2007.08.26"]
[Round "4.14"]
[White "Jonczyk, Krzysztof"]
[Black "Pacak, Patrycja"]
[Result "1-0"]
[WhiteElo "2073"]
[BlackElo "1808"]
[PlyCount "113"]
[EventDate "2007.??.??"]

1. e4 e6 2. d4 d5 3. Nd2 Be7 4. e5 c5 5. c3 Nc6 6. Bb5 Qb6 7. Bxc6+ bxc6 8. Ne2
cxd4 9. cxd4 c5 10. O-O cxd4 11. Nb3 f6 12. exf6 Nxf6 13. Qxd4 O-O 14. Re1 Re8
15. Be3 Qb8 16. Bf4 Qb6 17. Rac1 Bb4 18. Nc3 Ne4 19. Qxb6 axb6 20. Nxe4 dxe4
21. Rxe4 Bf8 22. a3 Bb7 23. Re2 Bd5 24. Nd4 h6 25. Nb5 Ra4 26. b4 Rd8 27. Rd2
Raa8 28. h3 g5 29. Be5 Rac8 30. Rc7 Ra8 31. h4 g4 32. h5 Be4 33. Rd4 Rxd4 34.
Nxd4 Bd5 35. Rc3 Re8 36. Rg3 Kf7 37. Rxg4 Ke7 38. Nb5 Rc8 39. Rg8 Kf7 40. Rg4
Ke7 41. Rf4 Ke8 42. Kh2 Be7 43. Nc7+ Kd7 44. Rf7 Rg8 45. Nxd5 exd5 46. Bf6 Re8
47. Kg3 Ke6 48. Rxe7+ Rxe7 49. Bxe7 Kxe7 50. a4 Kd6 51. Kf4 Kc6 52. Ke5 b5 53.
axb5+ Kxb5 54. Kxd5 Kxb4 55. f4 Kb5 56. f5 Kb6 57. f6 1-0

[Event "Konik Morski Rewala OPEN B"]
[Site "Rewal"]
[Date "2007.08.26"]
[Round "4.15"]
[White "Wisniowska, Klaudia"]
[Black "Pienkos, Slawomir"]
[Result "0-1"]
[WhiteElo "1846"]
[BlackElo "2064"]
[PlyCount "67"]
[EventDate "2007.??.??"]

1. e4 g6 2. d4 d6 3. Nc3 Bg7 4. Be3 Nf6 5. f3 Nc6 6. Qd2 e5 7. d5 Ne7 8. O-O-O
Nh5 9. g4 Nf4 10. h4 h5 11. gxh5 Nxh5 12. Nge2 f5 13. f4 fxe4 14. Nxe4 Nf5 15.
Bf2 Bd7 16. Ng5 Qf6 17. fxe5 Qxe5 18. Nc3 O-O 19. Re1 Qf4 20. Qxf4 Nxf4 21. Bc4
a6 22. a4 Bxc3 23. bxc3 Bxa4 24. Re4 Nh5 25. Ne6 Nfg3 26. Bxg3 Nxg3 27. Rhe1
Nxe4 28. Rxe4 Rf2 29. Bd3 Bd7 30. Rg4 Bxe6 31. Rxg6+ Kf7 32. Rxe6 Rf6 33. Re1
Rh8 34. Rh1 0-1

[Event "Konik Morski Rewala OPEN B"]
[Site "Rewal"]
[Date "2007.08.26"]
[Round "4.16"]
[White "Grygierczyk, Wojciech"]
[Black "Witek, Pawel"]
[Result "1-0"]
[WhiteElo "1808"]
[BlackElo "1996"]
[PlyCount "115"]
[EventDate "2007.??.??"]

1. d4 Nf6 2. c4 g6 3. Nc3 Bg7 4. e4 d6 5. f3 c6 6. Bg5 a6 7. Qd2 h5 8. h4 b5 9.
O-O-O O-O 10. g4 hxg4 11. h5 Nxh5 12. Bh6 f6 13. fxg4 Bxg4 14. Be2 Bxe2 15.
Ngxe2 Kf7 16. Rdg1 Rg8 17. Bxg7 Rxg7 18. Qh6 Qg8 19. d5 c5 20. Rxh5 gxh5 21.
Qxh5+ Kf8 22. Rxg7 Qxg7 23. Qh3 Qg5+ 24. Kc2 f5 25. Qh8+ Qg8 26. Qh6+ Ke8 27.
Qh5+ Qf7 28. Qh8+ Qf8 29. Qh5+ Qf7 30. Qh8+ Kd7 31. Nf4 Qe8 32. Qh3 Kc7 33.
Qxf5 Nd7 34. cxb5 Ne5 35. a4 Kb6 36. bxa6 Rxa6 37. Nd3 Nc4 38. Qf2 Kb7 39. b3
Nb6 40. Nb2 Qg6 41. Qf8 Nxd5 42. Nxd5 Qxe4+ 43. Kc1 Qxd5 44. Qxe7+ Kb8 45. Nc4
Qb7 46. Qe8+ Ka7 47. Qe3 Qh1+ 48. Kb2 Qh7 49. Na3 Qg7+ 50. Kb1 Qe5 51. Qh3 Rb6
52. Qd7+ Ka6 53. Qc8+ Rb7 54. Qa8+ Kb6 55. Nc4+ Kc7 56. Nxe5 dxe5 57. Kc2 Rb4
58. Qd5 1-0

[Event "Konik Morski Rewala OPEN B"]
[Site "Rewal"]
[Date "2007.08.26"]
[Round "4.17"]
[White "Graczyk, Damian"]
[Black "Piesik, Piotr"]
[Result "1/2-1/2"]
[WhiteElo "1839"]
[BlackElo "1991"]
[PlyCount "60"]
[EventDate "2007.??.??"]

1. d4 d5 2. c4 dxc4 3. e4 e5 4. Bxc4 Qxd4 5. Qxd4 exd4 6. Nf3 Nc6 7. O-O Bc5 8.
Bf4 Bb6 9. Na3 a6 10. Rfd1 Nge7 11. Rac1 Bg4 12. Rd3 Ng6 13. Bg3 Rd8 14. Bxa6
Nb4 15. Bb5+ c6 16. Rb3 Nxa2 17. Ra1 cxb5 18. Rxb5 Bxf3 19. gxf3 d3 20. Nc4 d2
21. Nxd2 Bxf2+ 22. Kxf2 Rxd2+ 23. Ke3 Rd7 24. Rxa2 O-O 25. Ra7 f5 26. Rxf5 Rxf5
27. exf5 Ne7 28. Ra5 Nc6 29. Ra3 Kf7 30. Rd3 Rxd3+ 1/2-1/2

[Event "Konik Morski Rewala OPEN B"]
[Site "Rewal"]
[Date "2007.08.26"]
[Round "5.1"]
[White "Czachor, Grzegorz"]
[Black "Solnicki, Michal"]
[Result "1/2-1/2"]
[WhiteElo "2029"]
[BlackElo "1975"]
[PlyCount "94"]
[EventDate "2007.??.??"]

1. e4 c5 2. Nf3 d6 3. Bb5+ Bd7 4. Bxd7+ Qxd7 5. O-O Nc6 6. c3 Nf6 7. Re1 e6 8.
d4 cxd4 9. cxd4 d5 10. e5 Ne4 11. Nbd2 Nxd2 12. Bxd2 Be7 13. Rb1 O-O 14. b4 b5
15. Qe2 Rfb8 16. Rb3 a5 17. bxa5 b4 18. Bg5 Nxa5 19. Rd3 Nc4 20. h4 Ra7 21. Nh2
Ra3 22. Ng4 Kf8 23. Rxa3 bxa3 24. Qd3 Bxg5 25. hxg5 g6 26. Qh3 Ke7 27. Qxh7 Kd8
28. Nf6 Qe7 29. Ng8 Qf8 30. Nh6 Ke8 31. Ng4 Rb2 32. Nf6+ Kd8 33. Ra1 Kc7 34. g3
Kb7 35. Ng4 Ka6 36. Nf6 Rb7 37. Rc1 Qb4 38. Qg8 Qb6 39. Qa8+ Qa7 40. Qc8 Qxd4
41. Nd7 Ka7 42. Nc5 Qb2 43. Rc2 Qb1+ 44. Kg2 Ne3+ 45. fxe3 Qxc2+ 46. Kh3 Qb1
47. Nxb7 Qh1+ 1/2-1/2

[Event "Konik Morski Rewala OPEN B"]
[Site "Rewal"]
[Date "2007.08.26"]
[Round "5.2"]
[White "Kaniak, Justyna"]
[Black "Efinowicz, Michal"]
[Result "0-1"]
[WhiteElo "1942"]
[BlackElo "2078"]
[PlyCount "105"]
[EventDate "2007.??.??"]

1. e4 a6 2. d4 b5 3. Nf3 Bb7 4. Bd3 e6 5. Bf4 c5 6. c3 d6 7. O-O Nd7 8. Nbd2
Ngf6 9. a4 c4 10. Bc2 Be7 11. Qe2 O-O 12. h3 Qc7 13. Bh2 e5 14. Rfd1 h6 15. Nf1
Rfe8 16. N3d2 Bf8 17. d5 Nh7 18. Ne3 g6 19. h4 Nhf6 20. g3 Nc5 21. Qf1 h5 22.
Qg2 Bh6 23. Ndf1 bxa4 24. g4 hxg4 25. Nxg4 Nxg4 26. Qxg4 Bc8 27. Qe2 f5 28.
exf5 gxf5 29. Qh5 Qg7+ 30. Kh1 Bb7 31. Bxf5 Nd3 32. Qf3 Qf7 33. Ne3 Bxe3 34.
fxe3 Bxd5 35. Rg1+ Kf8 36. e4 Be6 37. Raf1 Bxf5 38. exf5 Rab8 39. f6 Qb7 40. f7
Qxf3+ 41. Rxf3 Red8 42. h5 Ke7 43. h6 Rh8 44. Rg7 Kf8 45. Rfg3 Nf4 46. h7 Nh5
47. Rg8+ Kxf7 48. Rf3+ Nf6 49. Rxb8 Rxb8 50. Bg3 Rh8 51. Bh4 Rxh7 52. Rxf6+ Kg7
53. Rxd6 0-1

[Event "Konik Morski Rewala OPEN B"]
[Site "Rewal"]
[Date "2007.08.26"]
[Round "5.3"]
[White "Czernicki, Bogdan"]
[Black "Chojnacka, Magdalena"]
[Result "1-0"]
[WhiteElo "2094"]
[BlackElo "1846"]
[PlyCount "117"]
[EventDate "2007.??.??"]

1. d4 Nf6 2. Nf3 g6 3. c4 Bg7 4. Nc3 d6 5. e4 O-O 6. Be2 e5 7. dxe5 dxe5 8.
Qxd8 Rxd8 9. Bg5 Re8 10. O-O-O Nc6 11. h3 a6 12. Rd2 Be6 13. Rhd1 h6 14. Be3
Kh7 15. Ne1 Rad8 16. f3 Rxd2 17. Rxd2 Rd8 18. Rxd8 Nxd8 19. Nd5 c6 20. Bb6 cxd5
21. cxd5 Nc6 22. dxc6 bxc6 23. a3 Bc8 24. Bc4 Nd7 25. Bc7 f6 26. Bd6 Bf8 27.
Bxf8 Nxf8 28. Nd3 a5 29. Nc5 Nd7 30. Nb3 a4 31. Na5 Nb6 32. Bd3 c5 33. Bb5 Bd7
34. Bxd7 Nxd7 35. Nb7 f5 36. Kd2 fxe4 37. fxe4 h5 38. Kc3 Kh6 39. h4 g5 40. g3
Nf8 41. Nxc5 Ng6 42. Nxa4 gxh4 43. gxh4 Nxh4 44. Nc5 Ng6 45. Nd3 h4 46. Nf2 Kg5
47. Kd3 Kf4 48. Ke2 Kg3 49. b4 Ne7 50. b5 h3 51. a4 Nc8 52. a5 Nd6 53. b6 h2
54. a6 Kg2 55. b7 Nxe4 56. b8=Q Nxf2 57. Qg8+ Kh3 58. Kxf2 e4 59. Qg3# 1-0

[Event "Konik Morski Rewala OPEN B"]
[Site "Rewal"]
[Date "2007.08.26"]
[Round "5.4"]
[White "Ziebinski, Bartosz"]
[Black "Skwarnicki, Adam"]
[Result "1-0"]
[WhiteElo "1853"]
[BlackElo "2063"]
[PlyCount "119"]
[EventDate "2007.??.??"]

1. e4 e6 2. d4 d5 3. Nd2 Nf6 4. e5 Nfd7 5. Bd3 c5 6. c3 cxd4 7. cxd4 Nc6 8. Ne2
f6 9. exf6 Nxf6 10. Nf3 Bd6 11. O-O O-O 12. Bf4 Bxf4 13. Nxf4 Ne4 14. Nh5 g6
15. Ng3 Ng5 16. Nxg5 Qxg5 17. Bc2 Qf6 18. Ne2 b6 19. f4 Nb4 20. Bd3 Nxd3 21.
Qxd3 a5 22. Qd2 Ba6 23. Rad1 Rac8 24. Rf3 Rc6 25. Nc3 b5 26. g3 Rfc8 27. Qe3 b4
28. Na4 Rc2 29. Rf2 Rxf2 30. Qxf2 Rf8 31. Nc5 Bc8 32. Qd2 h6 33. a3 g5 34. Rf1
Qf5 35. axb4 axb4 36. Qxb4 gxf4 37. Rxf4 Qb1+ 38. Kf2 Qc2+ 39. Ke3 Rxf4 40.
gxf4 e5 41. dxe5 Qc1+ 42. Kf2 Bg4 43. e6 h5 44. e7 Kf7 45. e8=Q+ Kxe8 46. Qe1+
Qxe1+ 47. Kxe1 Ke7 48. Kd2 Kd6 49. b4 d4 50. Ne4+ Ke6 51. b5 Ke7 52. Kd3 Bd7
53. b6 Bc6 54. Kxd4 Ke6 55. Nc5+ Kf5 56. Ke3 Kg4 57. b7 Bxb7 58. Nxb7 h4 59.
Nd6 Kh3 60. Nf5 1-0

[Event "Konik Morski Rewala OPEN B"]
[Site "Rewal"]
[Date "2007.08.26"]
[Round "5.5"]
[White "Brudzinski, Maciej"]
[Black "Mazalon, Bartlomiej"]
[Result "1/2-1/2"]
[WhiteElo "2114"]
[BlackElo "1913"]
[PlyCount "59"]
[EventDate "2007.??.??"]

1. e4 c5 2. Nf3 e6 3. d3 d6 4. g3 Nf6 5. Bg2 Be7 6. O-O Qc7 7. c3 Nc6 8. Qe2
O-O 9. Na3 a6 10. Nc2 b5 11. d4 Bb7 12. e5 dxe5 13. dxe5 Nd7 14. Bf4 Rfd8 15.
Rad1 Nb6 16. Ne3 Rxd1 17. Rxd1 Rd8 18. h4 Rxd1+ 19. Qxd1 Qd8 20. Qc2 Nd5 21.
Nxd5 exd5 22. Bg5 h6 23. Bxe7 Qxe7 24. Qf5 Qe6 25. Qf4 Bc8 26. Qe3 Qe7 27. Kh2
Bf5 28. Bh3 Bxh3 29. Kxh3 Qe6+ 30. Kg2 1/2-1/2

[Event "Konik Morski Rewala OPEN B"]
[Site "Rewal"]
[Date "2007.08.26"]
[Round "5.6"]
[White "Graczyk, Konrad"]
[Black "Palacz, Krzysztof"]
[Result "0-1"]
[WhiteElo "1884"]
[BlackElo "2099"]
[PlyCount "70"]
[EventDate "2007.??.??"]

1. d4 Nf6 2. c4 g6 3. Nc3 Bg7 4. Nf3 O-O 5. g3 d6 6. Bg2 Nbd7 7. O-O e5 8. h3
Nh5 9. dxe5 dxe5 10. e4 c6 11. Be3 Qe8 12. Qb3 f5 13. exf5 gxf5 14. Ng5 f4 15.
gxf4 exf4 16. c5+ Kh8 17. Ne6 f3 18. Nxf8 fxg2 19. Kxg2 Nxf8 20. Ne2 Qe4+ 21.
f3 Qg6+ 22. Kf2 Bxh3 23. Rg1 Qf6 24. Bg5 Qe5 25. Qf7 Re8 26. Qxe8 Qxe8 27. Rh1
Bf5 28. Rae1 Nf6 29. Ng3 Qd7 30. Rd1 Nd5 31. Bh6 Bxh6 32. Rxh6 Bg6 33. Rhh1 Ne6
34. Rhe1 Nef4 35. Ne4 Qh3 0-1

[Event "Konik Morski Rewala OPEN B"]
[Site "Rewal"]
[Date "2007.08.26"]
[Round "5.7"]
[White "Chmielinska, Alicja"]
[Black "Gola, Karolina"]
[Result "1/2-1/2"]
[WhiteElo "2073"]
[BlackElo "1878"]
[PlyCount "76"]
[EventDate "2007.??.??"]

1. e4 c5 2. Nc3 e6 3. f4 a6 4. a4 d5 5. d3 dxe4 6. Nxe4 Nf6 7. Nc3 Be7 8. Nf3
Nc6 9. Be2 Nd5 10. Ne4 Qc7 11. Qd2 Nd4 12. O-O O-O 13. Bd1 Rd8 14. c3 Nf5 15.
Qe2 Nxf4 16. Bxf4 Qxf4 17. Kh1 Qe3 18. Ne5 f6 19. Nc4 Qxd3 20. Nb6 Rb8 21. Nxc8
Rbxc8 22. Nxf6+ Kh8 23. Ne4 Ne3 24. Qxd3 Rxd3 25. Be2 Rd7 26. Rf3 Nd5 27. Raf1
Nf6 28. Ng5 Bd6 29. Nxe6 Re8 30. Bc4 b5 31. axb5 axb5 32. Bxb5 Rxe6 33. Bxd7
Nxd7 34. Rd3 Nf6 35. b4 cxb4 36. cxb4 Bxb4 37. Rd8+ Ng8 38. g3 Re1 1/2-1/2

[Event "Konik Morski Rewala OPEN B"]
[Site "Rewal"]
[Date "2007.??.??"]
[Round "5.8"]
[White "Jonczyk, Krzysztof"]
[Black "Grychtol, Karol"]
[Result "1-0"]
[WhiteElo "2073"]
[BlackElo "1863"]
[PlyCount "53"]
[EventDate "2007.??.??"]

1. e4 e6 2. d4 d5 3. Nd2 c5 4. exd5 exd5 5. Ngf3 Nc6 6. c3 Nf6 7. Be2 Bd6 8.
dxc5 Bxc5 9. Nb3 Bd6 10. Bg5 Be6 11. O-O O-O 12. Nbd4 a6 13. Bd3 Nxd4 14. Nxd4
Bg4 15. Bxf6 Qxf6 16. Qxg4 g6 17. Rae1 h5 18. Qf3 Qh4 19. g3 Qh3 20. Qxd5 Rad8
21. Qg2 Qd7 22. h4 Bc5 23. Re4 Rfe8 24. Rfe1 f5 25. Rxe8+ Rxe8 26. Rxe8+ Qxe8
27. Qd5+ 1-0

[Event "Konik Morski Rewala OPEN B"]
[Site "Rewal"]
[Date "2007.??.??"]
[Round "5.9"]
[White "Pienkos, Slawomir"]
[Black "Dunne, Paul"]
[Result "1-0"]
[WhiteElo "2064"]
[BlackElo "1847"]
[PlyCount "70"]
[EventDate "2007.??.??"]

1. e4 e5 2. f4 d5 3. exd5 e4 4. Nc3 Nf6 5. Bc4 Bc5 6. d4 exd3 7. Qxd3 O-O 8.
Bd2 Re8+ 9. Nge2 Ng4 10. Rf1 Ne3 11. Bxe3 Rxe3 12. Qd2 Bg4 13. O-O-O Na6 14. h3
Re8 15. Kb1 Be3 16. Qe1 Bf5 17. g4 Bd7 18. Qg3 Qf6 19. Rf3 Bc5 20. h4 Qb6 21.
Nc1 Nb4 22. Nb3 a5 23. a3 a4 24. Nxc5 Qxc5 25. Bd3 Nxd3 26. Rfxd3 b5 27. Na2
Re2 28. Nb4 Rae8 29. f5 Rf2 30. Rc3 Qb6 31. Qxc7 Qxc7 32. Rxc7 Rc8 33. Rxd7 h6
34. Re7 Rc4 35. Re8+ Kh7 1-0

[Event "Konik Morski Rewala OPEN B"]
[Site "Rewal"]
[Date "2007.??.??"]
[Round "5.10"]
[White "Falkowski, Dawid"]
[Black "Wojtaszewski, Piotr"]
[Result "0-1"]
[WhiteElo "2048"]
[BlackElo "1848"]
[PlyCount "58"]
[EventDate "2007.??.??"]

1. e4 c5 2. Nc3 e6 3. d3 g6 4. g3 Bg7 5. Bg2 Ne7 6. Be3 d6 7. Qd2 Nbc6 8. Bh6
Bf6 9. Nd1 d5 10. Bg5 Bg7 11. Ne2 h6 12. Bxe7 Nxe7 13. O-O O-O 14. Nf4 d4 15.
Ne2 b5 16. a4 b4 17. b3 e5 18. f4 Be6 19. f5 gxf5 20. exf5 Bxf5 21. Bxa8 Qxa8
22. Nf2 Nd5 23. Nd1 Bh3 24. Rf2 Nf6 25. Nc1 Ng4 26. Re2 Qf3 27. Qe1 h5 28. Nb2
Bh6 29. Nc4 f5 0-1

[Event "Konik Morski Rewala OPEN B"]
[Site "Rewal"]
[Date "2007.??.??"]
[Round "5.11"]
[White "Stypka, Zbigniew"]
[Black "Siedlinski, Piotr"]
[Result "1-0"]
[WhiteElo "1989"]
[BlackElo "1838"]
[PlyCount "55"]
[EventDate "2007.??.??"]

1. e4 d5 2. exd5 Qxd5 3. Nc3 Qa5 4. d4 Bf5 5. Nf3 Nf6 6. Bc4 e6 7. Bd2 c6 8.
O-O Qc7 9. Re1 Bd6 10. Ne5 Nbd7 11. Bf4 O-O 12. Bg3 Nd5 13. Qd2 Rad8 14. Bb3
Nxc3 15. Qxc3 Qb6 16. Nc4 Bb4 17. Nxb6 Bxc3 18. Nxd7 Bxe1 19. Nxf8 Bb4 20. Nxh7
Kxh7 21. c3 Be7 22. Re1 Bf6 23. Rd1 Be4 24. Kf1 b6 25. f3 Bf5 26. Ke2 Bg5 27.
Bf2 Rd7 28. h4 1-0

[Event "Konik Morski Rewala OPEN B"]
[Site "Rewal"]
[Date "2007.??.??"]
[Round "5.12"]
[White "Kaniak, Monika"]
[Black "Staniszewska, Adrianna"]
[Result "1-0"]
[WhiteElo "1950"]
[BlackElo "1768"]
[PlyCount "83"]
[EventDate "2007.??.??"]

1. d4 e6 2. c4 c5 3. d5 d6 4. Nc3 Nf6 5. Bg5 Be7 6. Nf3 O-O 7. e4 h6 8. Bf4 e5
9. Bd2 Nh7 10. Bd3 f5 11. exf5 Bxf5 12. Bxf5 Rxf5 13. Ne4 Nd7 14. Qe2 Qc7 15.
O-O-O a6 16. g4 Rf7 17. h4 Raf8 18. Rh3 Nhf6 19. g5 Nxe4 20. Qxe4 h5 21. Be3 b5
22. g6 Rf5 23. Ng5 Qa5 24. Kb1 Qa4 25. b3 Qb4 26. Bd2 Qa3 27. Ne6 R8f6 28. f4
Nf8 29. Nxf8 Rxf8 30. Re1 Bd8 31. fxe5 Rxe5 32. Qc2 Rxe1+ 33. Bxe1 bxc4 34.
Qxc4 Bf6 35. Qe2 Be5 36. Bc3 Bf4 37. Qe6+ Kh8 38. Bxg7+ Kxg7 39. Qe7+ Kxg6 40.
Rh1 Bh6 41. Rg1+ Kf5 42. Qe6+ 1-0

[Event "Konik Morski Rewala OPEN B"]
[Site "Rewal"]
[Date "2007.??.??"]
[Round "5.13"]
[White "Suwara, Piotr"]
[Black "Jacel, Lukasz"]
[Result "0-1"]
[WhiteElo "1761"]
[BlackElo "1945"]
[PlyCount "86"]
[EventDate "2007.??.??"]

1. e4 Nc6 2. Nf3 d6 3. d4 Nf6 4. Nc3 Bg4 5. Be2 e6 6. Bg5 Be7 7. Qd2 d5 8. e5
Ne4 9. Nxe4 dxe4 10. Bxe7 Nxe7 11. Ng5 Bxe2 12. Kxe2 Nf5 13. c3 e3 14. fxe3
Qxg5 15. Kd3 Rd8 16. Rae1 Nh4 17. Re2 Qxe5 18. Kc2 Qe4+ 19. Kc1 Ng6 20. Rf1 Ne5
21. Qc2 Qxc2+ 22. Rxc2 Ng6 23. Rcf2 O-O 24. g3 e5 25. Rd2 exd4 26. exd4 Rfe8
27. c4 Re4 28. Rfd1 c5 29. d5 Rxc4+ 30. Kb1 Re4 31. a3 Re5 32. Kc2 f6 33. Kc3
Re4 34. b4 Ne5 35. bxc5 Rc4+ 36. Kb3 Rxc5 37. Kb4 Rc4+ 38. Kb3 Kf7 39. Re2 Rc5
40. Red2 Rd6 41. Kb4 Rc8 42. a4 Rb6+ 43. Ka3 Nc4+ 0-1

[Event "Konik Morski Rewala OPEN B"]
[Site "Rewal"]
[Date "2007.??.??"]
[Round "5.15"]
[White "Szarwacki, Dominik"]
[Black "Grygierczyk, Wojciech"]
[Result "1-0"]
[WhiteElo "1928"]
[BlackElo "1808"]
[PlyCount "59"]
[EventDate "2007.??.??"]

1. e4 e6 2. d4 d5 3. Nc3 Nf6 4. Bg5 Be7 5. e5 Nfd7 6. h4 Bxg5 7. hxg5 Qxg5 8.
Qd3 Qg6 9. Qxg6 fxg6 10. Bd3 O-O 11. Nf3 Re8 12. Ng5 h6 13. Bxg6 Re7 14. Nf3
Nf8 15. Bd3 a6 16. O-O-O Nbd7 17. Ne2 c5 18. c3 b5 19. Rh3 b4 20. cxb4 cxb4 21.
Kb1 Nb6 22. Rdh1 Nc4 23. Rc1 Nb6 24. g4 Bb7 25. g5 hxg5 26. Nxg5 Rc8 27. Rch1
g6 28. Nf4 Rcc7 29. Rh8+ Kg7 30. Nxg6 1-0

[Event "Konik Morski Rewala OPEN B"]
[Site "Rewal"]
[Date "2007.??.??"]
[Round "5.17"]
[White "Piesik, Piotr"]
[Black "Malec, Sebastian"]
[Result "1-0"]
[WhiteElo "1991"]
[BlackElo "1740"]
[PlyCount "88"]
[EventDate "2007.??.??"]

1. Nf3 Nf6 2. g3 b6 3. Bg2 Bb7 4. O-O e6 5. d3 c5 6. e4 d5 7. Nfd2 Be7 8. Nc3
Qc7 9. a4 a6 10. Qe2 d4 11. Ncb1 Nbd7 12. f4 h5 13. Nf3 Ng4 14. h3 Ngf6 15. c3
dxc3 16. Nxc3 O-O-O 17. Be3 Ne8 18. d4 Nd6 19. dxc5 Nxc5 20. Rac1 a5 21. Nd4
Ba6 22. Ndb5 Nxb5 23. Nxb5 Kb8 24. e5 Qd7 25. Rfd1 Qe8 26. Rxd8+ Qxd8 27. Kh2
Nxa4 28. Qf3 Qd5 29. Qxd5 exd5 30. Nc7 Bc4 31. Nxd5 Bxd5 32. Bxd5 f6 33. Rc6
Rd8 34. Bb3 Nc5 35. Rxb6+ Kc7 36. Rb5 Kc6 37. Bc4 a4 38. exf6 gxf6 39. g4 hxg4
40. hxg4 Rd1 41. Rb8 Re1 42. Bd2 Re4 43. Bb5+ Kd5 44. Rc8 Kd4 1-0

[Event "Konik Morski Rewala OPEN B"]
[Site "Rewal"]
[Date "2007.??.??"]
[Round "5.18"]
[White "Goslawski, Michal"]
[Black "Zielinski, Olgierd"]
[Result "1-0"]
[WhiteElo "1853"]
[BlackElo "2044"]
[PlyCount "66"]
[EventDate "2007.??.??"]

1. d4 d5 2. Nf3 f5 3. c4 e6 4. Nc3 c6 5. Bf4 dxc4 6. e4 b5 7. exf5 exf5 8. Ne5
Nf6 9. Be2 Nd5 10. Bh5+ g6 11. Nxg6 hxg6 12. Bxg6+ Ke7 13. Bg5+ Nf6 14. Qe2+
Be6 15. Bxf5 Qd7 16. Ne4 Bg7 17. Nc5 Qd5 18. Qxe6+ Qxe6+ 19. Nxe6 Kf7 20. Nc7
Nbd7 21. Nxa8 Rxa8 22. Bxd7 Nxd7 23. O-O-O Nb6 24. h4 Nd5 25. h5 Nb4 26. a3
Nd3+ 27. Rxd3 cxd3 28. Rd1 Bxd4 29. Rxd3 c5 30. Be3 Bxe3+ 31. Rxe3 Rg8 32. Rf3+
Ke6 33. g3 Rg5 1-0

[Event "Konik Morski Rewala OPEN B"]
[Site "Rewal"]
[Date "2007.??.??"]
[Round "5.19"]
[White "Kopinski, Tomasz"]
[Black "Wilm, Guenter"]
[Result "1-0"]
[WhiteElo "2032"]
[BlackElo "1862"]
[PlyCount "114"]
[EventDate "2007.??.??"]

1. c4 b6 2. Nc3 Bb7 3. Nf3 e6 4. a3 Nf6 5. d4 Be7 6. e3 d6 7. Be2 Nbd7 8. O-O
O-O 9. b4 a6 10. Bb2 Re8 11. d5 e5 12. Nd2 Rc8 13. Rc1 Bf8 14. Bg4 g6 15. h4
Nxg4 16. Qxg4 Bg7 17. Qg3 Nf6 18. Nde4 Nh5 19. Qh3 Rb8 20. g4 Bc8 21. Qg2 Nf6
22. Nxf6+ Qxf6 23. g5 Qf5 24. e4 Qh3 25. Qxh3 Bxh3 26. Rfe1 Rf8 27. c5 b5 28.
Ne2 Rfc8 29. Rc3 Bd7 30. Rec1 h6 31. Kg2 f6 32. cxd6 cxd6 33. Rc7 Rxc7 34. Rxc7
Rd8 35. Bc1 fxg5 36. hxg5 h5 37. Be3 Bf8 38. Nc1 Be7 39. Nb3 Kf8 40. Na5 Ke8
41. Ra7 Rc8 42. Rxa6 Rc3 43. Nb7 Rc4 44. Nxd6+ Bxd6 45. Rxd6 Rxe4 46. Rxg6 Rg4+
47. Kf3 e4+ 48. Ke2 h4 49. Rh6 Bf5 50. Kd2 Kd7 51. Kc3 h3 52. Rxh3 Rxg5 53. Rh6
Rg6 54. Rh7+ Kc8 55. Kd4 Ra6 56. Rf7 Bg4 57. Kc5 Bd7 1-0

[Event "Konik Morski Rewala OPEN B"]
[Site "Rewal"]
[Date "2007.??.??"]
[Round "5.20"]
[White "Sitek, Dawid"]
[Black "Foltyn, Lukasz"]
[Result "0-1"]
[WhiteElo "1830"]
[BlackElo "1986"]
[PlyCount "69"]
[EventDate "2007.??.??"]

1. e4 c5 2. Nf3 Nc6 3. d4 cxd4 4. Nxd4 Nf6 5. Nc3 e5 6. Nf3 Bb4 7. Bd3 d5 8.
Bg5 d4 9. a3 Ba5 10. Bd2 dxc3 11. bxc3 O-O 12. O-O Bg4 13. Qe1 Bxf3 14. gxf3
Nh5 15. Kh1 Nf4 16. Bc4 Qf6 17. Rg1 Bb6 18. Rg3 Ne7 19. Qf1 Neg6 20. Be3 Ba5
21. Bd2 Rfd8 22. Be3 Bxc3 23. Rb1 b6 24. Rg4 Rac8 25. Bb3 h5 26. Rg3 Bd2 27.
Rd1 Bc3 28. Rxd8+ Rxd8 29. Qg1 Kf8 30. Bc4 Qd6 31. Bxf4 exf4 32. Rg5 Qd1 33.
Rf5 Qxg1+ 34. Kxg1 Rd1+ 35. Kg2 0-1

[Event "Konik Morski Rewala OPEN B"]
[Site "Rewal"]
[Date "2007.08.27"]
[Round "6.1"]
[White "Solnicki, Michal"]
[Black "Czernicki, Bogdan"]
[Result "0-1"]
[WhiteElo "1975"]
[BlackElo "2094"]
[PlyCount "144"]
[EventDate "2007.??.??"]

1. d4 Nf6 2. Nf3 g6 3. Bg5 Bg7 4. c4 c5 5. e3 Ne4 6. Nc3 Qa5 7. Qa4 Qxa4 8.
Nxa4 Nxg5 9. Nxg5 cxd4 10. exd4 Bxd4 11. Rd1 Bg7 12. g3 O-O 13. Bg2 d6 14. b4
Nc6 15. b5 Ne5 16. c5 dxc5 17. Nxc5 h6 18. Nge4 Bg4 19. Rb1 Nf3+ 20. Ke2 Nd4+
21. Ke3 Nf5+ 22. Kd2 Rad8+ 23. Ke1 Nd6 24. h3 Nxe4 25. Bxe4 Bc8 26. Nxb7 Bc3+
27. Kf1 Rd2 28. a4 f5 29. Bc6 f4 30. Rb3 Bd4 31. Rf3 fxg3 32. Rxf8+ Kxf8 33.
fxg3 Rf2+ 34. Ke1 Ra2 35. Rf1+ Kg7 36. g4 Be6 37. Rf3 Rxa4 38. Nd8 Bc4 39. Bd7
Ra1+ 40. Kd2 Ra2+ 41. Kc1 Bf6 42. Ne6+ Kh7 43. Nf8+ Kg7 44. Ne6+ Kg8 45. Nc5
Re2 46. Be8 Kg7 47. Bc6 Bxb5 48. Bxb5 Re5 49. Ne6+ Rxe6 50. Kc2 Rb6 51. Bc4 Rc6
52. Kb3 Rd6 53. Rd3 Rxd3+ 54. Bxd3 a5 55. Bb5 Bh4 56. Kc4 Kf6 57. Kd5 e6+ 58.
Ke4 Ke7 59. Ba4 Kd6 60. Be8 g5 61. Ba4 Be1 62. Bb3 Bg3 63. Kf3 Bh2 64. Ke4 e5
65. Kf5 Kc5 66. Kg6 e4 67. Kxh6 Bf4 68. Kh5 e3 69. Bd1 a4 70. h4 gxh4 71. Kxh4
a3 72. g5 Bxg5+ 0-1

[Event "Konik Morski Rewala OPEN B"]
[Site "Rewal"]
[Date "2007.08.27"]
[Round "6.2"]
[White "Efinowicz, Michal"]
[Black "Czachor, Grzegorz"]
[Result "1/2-1/2"]
[WhiteElo "2078"]
[BlackElo "2029"]
[PlyCount "141"]
[EventDate "2007.??.??"]

1. c4 Nf6 2. Nc3 c5 3. g3 Nc6 4. Bg2 g6 5. e4 Bg7 6. Nge2 d6 7. O-O O-O 8. d3
Bd7 9. f4 Qc7 10. f5 e6 11. Bf4 a6 12. fxe6 fxe6 13. Bf3 Rab8 14. Qd2 b5 15. b3
b4 16. Na4 e5 17. Bg5 Bh3 18. Bg2 Qd7 19. Nb2 Nd4 20. Nxd4 exd4 21. Nd1 Bxg2
22. Kxg2 Ng4 23. Rxf8+ Rxf8 24. Qe2 h6 25. h3 Ne5 26. Bf4 Nf7 27. Nf2 g5 28.
Bd2 Ne5 29. Ng4 Ng6 30. a3 a5 31. axb4 axb4 32. Ra6 Qe7 33. h4 Ne5 34. Nxe5
Qxe5 35. hxg5 hxg5 36. Ra1 Qf6 37. Rh1 Bh6 38. Be1 Qe6 39. Rh5 Kg7 40. Bd2 Qf6
41. g4 Kg6 42. Be1 Bg7 43. Bg3 Qe6 44. e5 d5 45. Rh1 Qc6 46. Kg1 dxc4 47. dxc4
Qf3 48. Qxf3 Rxf3 49. Kg2 Rxb3 50. e6 Re3 51. Bd6 Rxe6 52. Bxc5 Rc6 53. Bxb4
Rxc4 54. Bd2 Rc6 55. Kf3 Rf6+ 56. Ke2 Re6+ 57. Kd3 Ra6 58. Rh5 Ra3+ 59. Ke4 Rg3
60. Rxg5+ Kf7 61. Bf4 Rg1 62. Rf5+ Ke6 63. Rg5 Bf6 64. Ra5 Rxg4 65. Ra6+ Kf7
66. Kf5 Rg6 67. Rd6 d3 68. Ra6 d2 69. Bxd2 Rg2 70. Bf4 Be7 71. Ra7 1/2-1/2

[Event "Konik Morski Rewala OPEN B"]
[Site "Rewal"]
[Date "2007.08.27"]
[Round "6.3"]
[White "Ziebinski, Bartosz"]
[Black "Jonczyk, Krzysztof"]
[Result "1-0"]
[WhiteElo "1853"]
[BlackElo "2073"]
[PlyCount "39"]
[EventDate "2007.??.??"]

1. e4 c5 2. Nc3 Nc6 3. g3 g6 4. Bg2 Bg7 5. d3 d6 6. Be3 Nf6 7. h3 O-O 8. f4 Rb8
9. Nf3 b5 10. O-O a5 11. g4 a4 12. a3 Nd7 13. f5 Nde5 14. Qd2 Nxf3+ 15. Rxf3
Nd4 16. Rf2 Bd7 17. Bh6 Nxc2 18. Bxg7 Nxa1 19. f6 e5 20. Qh6 1-0

[Event "Konik Morski Rewala OPEN B"]
[Site "Rewal"]
[Date "2007.08.27"]
[Round "6.4"]
[White "Palacz, Krzysztof"]
[Black "Kaniak, Justyna"]
[Result "1-0"]
[WhiteElo "2099"]
[BlackElo "1942"]
[PlyCount "63"]
[EventDate "2007.??.??"]

1. e4 e5 2. Nf3 Nc6 3. d4 exd4 4. Nxd4 Bc5 5. Nxc6 Qf6 6. Qf3 Qxf3 7. gxf3 bxc6
8. Rg1 Bd4 9. c3 Bf6 10. Bg5 Bxg5 11. Rxg5 Ne7 12. Bc4 O-O 13. Nd2 h6 14. Rg3
Kh8 15. O-O-O d5 16. Bb3 Be6 17. Rdg1 Ng6 18. Bc2 Nf4 19. Re1 Rfe8 20. Nb3 dxe4
21. fxe4 Bc4 22. Rf3 g5 23. h4 Re5 24. Nd4 Ng2 25. Rh1 Nxh4 26. Rf6 c5 27.
Rxh6+ Kg7 28. Nc6 Ree8 29. Rh5 Kg6 30. R5xh4 gxh4 31. Rxh4 a5 32. e5+ 1-0